Комплекс технических средств для систем технологической безопасности взрывоопасных производств; Промышленные АСУ и контроллеры; № 5

Podrobná bibliografie
Parent link:Промышленные АСУ и контроллеры: ежемесячный научно-технический производственный журнал.— , 2002-
№ 5.— 2004.— С. 12-18
Hlavní autor: Ермилов И. В.
Další autoři: Иванова Н. К., Попов Д. Э.
Jazyk:ruština
Vydáno: 2004
Edice:АСУдля промышленных предприятий
Témata:
Médium: Kapitola
KOHA link:https://koha.lib.tpu.ru/cgi-bin/koha/opac-detail.pl?biblionumber=394744

MARC

LEADER 00000naa2a2200000 4500
001 394744
005 20231101064532.0
035 |a (RuTPU)RU\TPU\prd\31658 
090 |a 394744 
100 |a 20050113a2004 k y0rusy50 ca 
101 0 |a rus 
102 |a RU 
200 1 |a Комплекс технических средств для систем технологической безопасности взрывоопасных производств  |f И. В. Ермилов, Н. К. Иванова, Д. Э. Попов 
225 1 |a АСУдля промышленных предприятий 
461 1 |0 (RuTPU)RU\TPU\prd\2287  |t Промышленные АСУ и контроллеры  |o ежемесячный научно-технический производственный журнал  |d 2002- 
463 1 |0 (RuTPU)RU\TPU\prd\26360  |t № 5  |v С. 12-18  |d 2004 
610 1 |a взрывоопасные производства 
610 1 |a системы безопасности 
610 1 |a технологическая безопасность 
610 1 |a системы автоматизации 
700 1 |a Ермилов  |b И. В. 
701 1 |a Иванова  |b Н. К. 
701 1 |a Попов  |b Д. Э. 
801 1 |a RU  |b 63413507  |c 20050113  |g PSBO 
942 |c BK